مواطن ومخبر وحرامي (Record no. 23074)
[ view plain ]
| 000 -LEADER | |
|---|---|
| fixed length control field | 04237ngm a22004575a 4500 |
| 005 - DATE AND TIME OF LATEST TRANSACTION | |
| control field | 20201124141826.0 |
| 007 - PHYSICAL DESCRIPTION FIXED FIELD--GENERAL INFORMATION | |
| fixed length control field | vd mvaizu |
| 008 - FIXED-LENGTH DATA ELEMENTS--GENERAL INFORMATION | |
| fixed length control field | 161105s200? ua 134 g vzara da d |
| 028 ## - PUBLISHER NUMBER | |
| Source | الشركة العربية للإنتاج والتوزيع السينمائي |
| 040 ## - CATALOGING SOURCE | |
| Original cataloging agency | EG-ScBUE |
| Transcribing agency | ara |
| Modifying agency | EG-ScBUE |
| 041 ## - LANGUAGE CODE | |
| Language code of original and/or intermediate translations of text | ara |
| 082 04 - DEWEY DECIMAL CLASSIFICATION NUMBER | |
| Classification number | 791.4372 |
| Item number | م و ا |
| Edition number | 22 |
| 245 00 - TITLE STATEMENT | |
| Title | مواطن ومخبر وحرامي |
| Medium | [تسجيل مرئي] / |
| Statement of responsibility, etc | إنتاج الشركة العربية للإنتاج والتوزيع السينمائي ؛ الراوي طارق أبو السعود ؛ تأليف وإخراج داود عبد السيد. |
| 260 ## - PUBLICATION, DISTRIBUTION, ETC. (IMPRINT) | |
| Place of publication, distribution, etc | القاهرة : |
| Name of publisher, distributor, etc | السبكي فيلم للإنتاج السينمائي، |
| Date of publication, distribution, etc | [200?] |
| 300 ## - PHYSICAL DESCRIPTION | |
| Extent | 1 قرص مرئي (134 دق.) : |
| Other physical details | نا.، لو. ؛ |
| Dimensions | 4 3/4 بو. |
| 500 ## - GENERAL NOTE | |
| General note | فيلم مواطن ومخبر وحرامي فيلم مصري إنتاج عام 2001. |
| 508 ## - CREATION/PRODUCTION CREDITS NOTE | |
| Creation/production credits note | قصة، طارق أبو السعود ؛ تأليف وإخراج، داود عبد السيد ؛ مدير التصوير، سمير بهزان ؛ مونتاج، منى ربيع ؛ مدير الإنتاج، إيهاب أيوب ؛ غناء وتلحين، شعبان عبد الرحيم ؛ الموسيقى التصويرية، راجح داود. |
| 511 ## - PARTICIPANT OR PERFORMER NOTE | |
| Participant or performer note | خالد أبو النجا، صلاح عبدالله، هند صبري، شعبان عبدالرحيم، رولا محمود، منحة زيتون. |
| 520 ## - SUMMARY, ETC. | |
| Summary, etc | يبدأ الفيلم بعد سرقة سيارة "سليم" من أمام منزله و ذهابه لتحرير محضر بالسرقة ، فيتعرف عليه أحد المخبرين هناك و يرحب به و يسأله عن أحواله فيتضح أنه كان يراقبه عندما كان طالبا بالجامعة،و يعرف منه بسرقة العربة فيعثر عليها فتنشأ بينهما صداقة ، يحضر المخبر لسليم" حياة " الشغالة لتخدمه فتنشأ بينهما قصة حب ،و نكتشف أن "حياة" على علاقة ب"شريف المرجوشى" الحرامي ، و "سليم" على علاقة ب "مديحة" ،تنتظر "حياة" انتهاء مدة حبس "المرجوشى" فتسرق شقة "سليم" فيعيدها المخبر بالمسروقات ، و لكن "سليم" لا يجدروايته التي انتهى من كتابتها ،فتخبره "حياة" بأن روايته مع "المرجوشى" المطرب الشعبي صاحب الفلسفة و أنه يريد أن يراه ، فيذهب إليه و يأخذها منه فيسرقها "المرجوشى" مرة أخرى ، فيضطر "سليم" أن يفقأعينه بعد أن قام" المرجوشى " بحرقها أمامه ،لكن سليم يشعر بالندم فيتشاركا في دار نشر كبيرة و يصدر سليم أولى روايته ، و يطرحا في الأسواق أول شريط كاسيت للمرجوشى ،و يقع كل منهما في غرام حبيبة الآخر وتستمر الأحداث. |
| 521 ## - TARGET AUDIENCE NOTE | |
| Target audience note | +18 |
| 538 ## - SYSTEM DETAILS NOTE | |
| System details note | قرص مرئي (DVD) |
| 538 ## - SYSTEM DETAILS NOTE | |
| System details note | Video CD |
| 546 ## - LANGUAGE NOTE | |
| Language note | الفيلم باللغة العربية العربية. |
| 650 #0 - SUBJECT ADDED ENTRY--TOPICAL TERM | |
| Topical term or geographic name as entry element | الأفلام السينمائية |
| Geographic subdivision | مصر |
| Chronological subdivision | 2000-2001. |
| Source of heading or term | BUEsh |
| 650 #0 - SUBJECT ADDED ENTRY--TOPICAL TERM | |
| Topical term or geographic name as entry element | الأفلام الدرامية. |
| Source of heading or term | BUEsh |
| 653 ## - INDEX TERM--UNCONTROLLED | |
| Resource For college | Generalities |
| Arrived date list | November2016 |
| 655 #0 - INDEX TERM--GENRE/FORM | |
| Genre/form data or focus term | ﺩﺭاﻣﺎ. |
| Source of term | BUEsh |
| 700 1# - ADDED ENTRY--PERSONAL NAME | |
| Personal name | أبو السعود، طارق، |
| Relator term | الراوي. |
| 9 (RLIN) | 15417 |
| 700 1# - ADDED ENTRY--PERSONAL NAME | |
| Personal name | بهزان، سمير، |
| Relator term | مدير التصوير. |
| 700 1# - ADDED ENTRY--PERSONAL NAME | |
| Personal name | ربيع، منى، |
| Relator term | مونتاج. |
| 700 1# - ADDED ENTRY--PERSONAL NAME | |
| Personal name | أيوب، إيهاب، |
| Relator term | منتج فني. |
| 9 (RLIN) | 13704 |
| 700 1# - ADDED ENTRY--PERSONAL NAME | |
| Personal name | داود، راجح، |
| Relator term | الموسيقى التصويرية. |
| 9 (RLIN) | 17233 |
| 700 1# - ADDED ENTRY--PERSONAL NAME | |
| Personal name | أبو النجا، خالد، |
| Relator term | ممثل. |
| 9 (RLIN) | 14736 |
| 700 1# - ADDED ENTRY--PERSONAL NAME | |
| Personal name | عبدالله، صلاح، |
| Relator term | ممثل. |
| 700 1# - ADDED ENTRY--PERSONAL NAME | |
| Personal name | صبري، هند، |
| Relator term | ممثل. |
| 9 (RLIN) | 41121 |
| 700 1# - ADDED ENTRY--PERSONAL NAME | |
| Personal name | عبدالرحيم، شعبان، |
| Relator term | ممثل. |
| 9 (RLIN) | 16402 |
| 700 1# - ADDED ENTRY--PERSONAL NAME | |
| Personal name | محمود، رولا، |
| Relator term | ممثل. |
| 9 (RLIN) | 28154 |
| 700 1# - ADDED ENTRY--PERSONAL NAME | |
| Personal name | زيتون، منحة، |
| Relator term | ممثل. |
| 9 (RLIN) | 20534 |
| 710 2# - ADDED ENTRY--CORPORATE NAME | |
| Corporate name or jurisdiction name as entry element | الشركة العربية للإنتاج والتوزيع السينمائي، |
| Relator term | منتج. |
| 942 ## - ADDED ENTRY ELEMENTS (KOHA) | |
| Source of classification or shelving scheme | Dewey Decimal Classification |
| Item type | |
| Withdrawn status | Lost status | Source of classification or shelving scheme | Materials specified (bound volume or other part) | Damaged status | Not for loan | Koha collection | Location (home branch) | Sublocation or collection (holding branch) | Shelving location | Date acquired | Source of acquisition | Koha issues (times borrowed) | Koha full call number | Piece designation (barcode) | Koha date last seen | Price effective from | Koha item type |
|---|---|---|---|---|---|---|---|---|---|---|---|---|---|---|---|---|---|
| Dewey Decimal Classification | Lost In Inventory_2018-08-12 | Baccah | Central Library | Central Library | Second Floor | 09/11/2016 | Purchase | 791.4372 م و ا | 000042127 | 24/08/2022 | 09/11/2016 | CD | DVD - Movie (NB) |